| 000 | 00984nam a2200241 a 4500 | ||
|---|---|---|---|
| 001 | 9575 | ||
| 003 | CO-ViMGA | ||
| 008 | 141112s2004 ck r 000 u spa d | ||
| 040 |
_aCO-ViMGA _bspa _cCO-ViMGA |
||
| 082 | 0 | 4 | _a621.381 C687 |
| 110 |
_aCOLCIENCIAS _910846 |
||
| 245 | 1 | 0 |
_aNuevas Tecnologias para la Modernización : _bBases para un plan del programa Nacional de Electronica, Telecomunicaciones e Informatica |
| 260 |
_aSantafé de Bogotá : _bColciencias, _c1993 |
||
| 300 | _a205p. | ||
| 650 | 1 | 4 |
_aDESARROLLO DE SOFTWARE EN COLOMBIA _910847 |
| 650 | 1 | 4 |
_aELECTRONICA Y TELECOMUNICACIONES _910848 |
| 650 | 1 | 4 |
_aGESTION DE RECURSOS TECNOLOGICOS _910849 |
| 650 | 1 | 4 |
_aInvestigaciónES EN ELECTRONICA, TELECOMUNICACIONES E INFORMATICA _910850 |
| 650 | 1 | 4 |
_aLA INFORMACION Y SU ADMINISTRACION _910851 |
| 650 | 1 | 4 |
_aPolíticaS Y ESTRATEGIAS PARA LA GENERACION Y APROPIACION DE TECNOLOGIA _910852 |
| 650 | 1 | 4 |
_aSISTEMA NACIONAL DE CIENCIA Y TECNOLOGIA _910853 |
| 942 |
_2ddc _cBK |
||
| 999 |
_c21055 _d21055 |
||